00705cam a2200253 a 45000010005000000030008000050050017000130080041000300200015000710350019000860400032001050410008001370820024001451000017001692450036001862600064002223000025002865000020003115040030003316500025003616500022003866500019004086500024004271380BD-RjUL20211208233329.0131125s1981 enk b 001 0 eng  a0521229596 a(BD-RjUL) 1402 aDLCcDLCdDLCdBD-RjULbeng aeng00a121.6219bLOM 19811 aLoar, Brian.10aMind and meaning /cBrian Loar. aCambridge ;aNew York :bCambridge University Press,c1981. axi, 268 p. ;c23 cm. aIncludes index. aBibliography: p. 261-263. 0aMeaning (Philosophy) 0aBelief and doubt. 0aMind and body. 0aDesire (Philosophy)